000 00445cam a2200181ua 4500
001 6161
008 131119n ii |||gr||||Z||||||eng
040 _cMAIN
082 _a657
245 _aHigher Accountancy
_cBY S.P. Jain
260 _aLudhiana:
_bKalyani Publishers,
_c1996.
300 _ax,16.83p.
653 _aCommerce
653 _aHigher Accountancy
700 _aJain,S.P.,
_eAuthor.,
700 _aNarang,K.L.,
_eAuthor.
942 _cBK
999 _c5313
_d5313